Скульптура Монголии. (Бичлэгийн дугаар. 1155650)

MARC дэлгэрэнгүй
000 -Удирдлага
Ном зүйн бүртгэл тоо буюу кодлох утгыг агуулсан 00845nam a22002417a 4500
003 - ХЯНАЛТЫН ТОО ТОДОРХОЙЛОГЧ
Код MN-UlNLM
005 - ХАМГИЙН СҮҮЛИЙН ҮЕИЙН ХЭЛЦЛИЙН ОГНОО БА ЦАГ
Тухайн бичилтийг бичсэн засварласан сүүлийн огноо. 20250204111458.0
008 - ЕРӨНХИЙ МЭДЭЭЛЭЛ-ЭЛЕМЕНТҮҮДИЙН ӨГӨГДЛИЙН УРТ
fixed length control field 250204s2001 rur||||| |||| 00| 0 rus d
020 ## - ОЛОН УЛСЫН СТАНДАРТ НОМЫН ДУГААР-ISBN
Олон Улсын Стандарт Номын Дугаар 9992953756
040 ## - ЭХ СУРВАЛЖИЙГ ТОДОРХОЙЛОН БИЧИХ
Анхны каталогийн байгууллага UB01000001
Каталогийн хэл Монгол
Бичлэг хийж нэвтрүүлэх байгууллага MN-UlNLM
Өөрчлүүлэх байгууллага MN-UlNLM
Бичиглэлийн тодорхойлолт rda
041 ## - ХЭЛНИЙ КОД
Текстийн хэлний код/фонограм буюу салангид гарчиг Орос
084 ## - БУСАД АНГИЛЛЫН ДУГААР
Ангиллын нэр Аравтын ангилал
Анги 73
Зохиогчийн 3-н тэмдэгт Э 661
Шинжлэх ухааны мэдлэгийн салбар Урлаг - 85
100 #0 - ЗОХИОГЧИЙН ХЭСЭГ
Зохиогчийн нэр Зохиогч: Энхтүвшин Ж.
245 #0 - ҮНДСЭН ГАРЧИГ
Гарчиг Скульптура Монголии.
264 ## - ГАРАЛТЫН МЭДЭЭ
Хэвлэгдсэн газар Улаанбаатар
Хэвлэгдсэн он 2001
300 ## - ТООНЫ МЭДЭЭ
Хуудасны тоо 144 хуудастай
Бусад тоон мэдээлэл зурагтай текст
Хэмжээ 20см
504 ## - НОМЗҮЙН ТУХАЙ МЭДЭЭ
Номзүйн тухай мэдээ Скульптура Монголии.
546 ## - ХЭЛНИЙ ТУХАЙ МЭДЭЭ
Хэл rus
Хэлний код эсвэл цагаан толгой крилл (орос)
650 ## - Сэдэв
Сэдэв Пластик урлаг (баримал)
880 #4 - ALTERNATE GRAPHIC REPRESENTATION
Linkage 245-01(N
a Скульптура Монголии.Skul'ptura Mongolii.
880 #4 - ALTERNATE GRAPHIC REPRESENTATION
Linkage 264-02(N
a Ulan-Bator
c 2001
942 ## - ЭЛЕМЕНТИЙН ТӨРӨЛ
Анги Аравтын ангилал
Төрөл Ном
Захиалгууд
Буцаан татагдсан төлөв Хасагдсан шалтгаан Гэмтсэн төлөв Данс заагч Захиалах боломжгүй Үндсэн номын сан Одоогийн байршил Салбар танхим Салбар танхим Бүртгэсэн огноо Бүрдүүлэлтийн эх үүсвэр Тавиурын заалт Баркод Үнэ Хамгийн сүүлд байсан огноо Нийт уншлаганд гарсан тоо Дансны дугаар Ангиллын нэр Төрөл
          МУҮндэсний Номын сан МУҮндэсний Номын сан МУҮНС төв | Монгол судлал фонд МУҮНС төв | Монгол судлал фонд 2025-02-04 Солилцоо 73 Э 661 002220015413 5000.00 2025-02-04   15413 Аравтын ангилал Ном
          МУҮндэсний Номын сан МУҮндэсний Номын сан МУҮНС төв | Монгол судлал фонд МУҮНС төв | Монгол судлал фонд 2025-02-04 Солилцоо 73 Э 661 002220015414   2025-02-04   15414 Аравтын ангилал Ном
          МУҮндэсний Номын сан МУҮндэсний Номын сан МУҮНС төв | Монгол судлал фонд МУҮНС төв | Монгол судлал фонд 2025-02-04 Солилцоо 73 Э 661 002220015415   2025-02-04   15415 Аравтын ангилал Ном